দর্শনচিন্তা / (Record no. 1081)
[ view plain ]
| 000 -LEADER | |
|---|---|
| fixed length control field | 00655nam a2200229 a 4500 |
| 001 - CONTROL NUMBER | |
| JCCL Control Number | 1081 |
| 003 - CONTROL NUMBER IDENTIFIER | |
| JCCL marc code | BD-JhCC |
| 005 - DATE AND TIME OF LATEST TRANSACTION | |
| control field | 20190925134018.0 |
| 008 - FIXED-LENGTH DATA ELEMENTS--GENERAL INFORMATION | |
| fixed length control field | 171014s2008 b ||||| |||| 00| 0 ben d |
| 020 ## - INTERNATIONAL STANDARD BOOK NUMBER | |
| International Standard Book Number | 9843107888 |
| 035 ## - SYSTEM CONTROL NUMBER | |
| system control number | (BD-JhCC)1081 |
| 040 ## - CATALOGING SOURCE | |
| Original cataloging agency | BD-JhCC |
| Modifying agency | BD-JhCC |
| 041 ## - LANGUAGE CODE | |
| Language code of Book | ben |
| 082 ## - DEWEY DECIMAL CLASSIFICATION NUMBER | |
| DDC Edition number | 23 |
| Classification number | 891.4409 |
| Author mark and Year | SHA 2008 |
| 100 ## - MAIN ENTRY--PERSONAL NAME | |
| Personal name | শরীফ, আহমদ |
| 245 ## - TITLE STATEMENT | |
| Title | দর্শনচিন্তা / |
| Statement of responsibility, etc | আহমদ শরীফ |
| 260 ## - PUBLICATION, DISTRIBUTION, ETC. (IMPRINT) | |
| Place of publication, distribution, etc | ঢাকা : |
| Name of publisher, distributor, etc | উত্তরণ, |
| Date of publication, distribution, etc | ২০০৮ |
| 300 ## - PHYSICAL DESCRIPTION | |
| Pagination | 335 p. : |
| Dimensions | 22cm. |
| 650 ## - SUBJECT ADDED ENTRY--TOPICAL TERM | |
| Topical term or geographic name as entry element | A collection of Essays |
| General subdivision | Bangali Literature |
| 942 ## - ADDED ENTRY ELEMENTS (KOHA) | |
| Source of classification or shelving scheme | Dewey Decimal Classification |
| Koha item type | Books |
| Koha issues (borrowed), all copies | 1 |
| Source of classification or shelving scheme | Damaged status | Not for loan | Home library | Current library | Shelving location | Cost, normal purchase price | Total Checkouts | Full call number | Barcode | Date last seen | Copy number | Koha item type | Date of accession | Source of acquisition | Date checked out |
|---|---|---|---|---|---|---|---|---|---|---|---|---|---|---|---|
| Dewey Decimal Classification | JCC Rouf Library | JCC Rouf Library | General Stacks | 250.00 | 891.4409 SHA 2008 | 2053 | 10/14/2017 | C-1 | Books | ||||||
| Dewey Decimal Classification | JCC Rouf Library | JCC Rouf Library | General Stacks | 250.00 | 2 | 891.4409 SHA 2008 | 6153 | 02/16/2025 | C-2 | Books | 11/25/2017 | Zahedee Foundation | 11/04/2024 | ||
| Dewey Decimal Classification | JCC Rouf Library | JCC Rouf Library | General Stacks | 250.00 | 1 | 891.4409 SHA 2008 | 6203 | 02/10/2025 | C-3 | Books | 11/27/2017 | 02/05/2025 |